000 00901nam a2200205Ia 4500
001 9926
003 GE_BSU
008 181216s||||||||xx |||||||||||||| ||und||
040 _cGE_BSU
080 _a82-93:821.353.1-32
100 _aნინოშვილი,ეგნატე.კლდიაშვილი,დავით
245 _aთხზულებანი:მოთხრობები,პიესა
245 _cშეადგ.წინასიტყვ.შენიშვნ.,კომენტარები და ლექსიკონი დაურთო ლეილა სულხანიშვილმა
260 _aთბილისი
260 _bტექნიკური უნ–ტი
260 _c1988
300 _a403გვ.21სმ.
653 _aთხზულებანი:მოთხრობები,პიესა
942 _cBK
999 _c43201
_d43201